000 00700nam a2200205Ii 4500
003 JO-AjNU
008 230605s9999||||xx |||||||||||||| ||und||
017 _a1337
040 _aJO-AjNU
_bara
_erda
_cJO-AjNU
041 _aara
050 1 4 _aTD345 1990
100 3 _aتاليف: عباوي، عبد/ م مشارك محمد سلمان حسن ,
_eauthor
_99566
245 0 0 _aالهندسة العملية للبيئة فحوصات الماء
264 3 1 _aالموصل:وزارة التعليم العالي،1990
300 _a296ص
336 _atext
_btxt
_2rdacontent
337 _aunmediated
_bn
_2rdamedia
338 _avolume
_bnc
_2rdacarrier
650 4 _aالهندسة العملية
_99567
999 _aA1366
_c4934
_d4934